| Поле | Инд. | ПП | Название | Значение |
|---|---|---|---|---|
| Тип записи | a | |||
| Библиографический уровень | m | |||
| 001 | Контрольный номер | 676999d5-45a1-4e9a-bc10-5cd1a16bbf98 | ||
| 005 | Дата корректировки | 20140703130350.6 | ||
| 008 | Кодируемые данные | 040910 | ||
| 020 | a | ISBN | 5-89144-433-X | |
| c | Цена, тираж | 145.00 | ||
| 040 | a | Служба первич. каталог. | НБ ТвГУ | |
| 041 | a | Код языка текста | rus | |
| 080 | a | Индекс УДК | 37.01(038) | |
| 084 | a | Индекс другой классификации/Индекс ББК | Ч30я21 | |
| 090 | x | Авторский знак | С48 | |
| a | Полочн. индекс | Ч30я21 | ||
| 245 | 00 | a | Заглавие | Словарь-справочник по педагогике |
| c | Ответственность | авт.-сост. В. А. Мижериков; под общ. ред. П. И. Пидкасистого | ||
| 260 | 0_ | a | Место издания | Москва |
| b | Издательство | Сфера | ||
| c | Дата издания | 2004 | ||
| 300 | a | Объем | 439 с. | |
| 504 | a | Библиография | Библиогр.: с.436-439. | |
| 583 | a | Действие | Получение впервые 338 09.09.2004 | |
| k | Исполнитель действия | ООО "Кроун" | ||
| 650 | a | Основная рубрика | Педагогика | |
| 653 | a | Ключевые слова | Педагогика | |
| a | Ключевые слова | Словари | ||
| a | Ключевые слова | Справочники | ||
| 700 | 1_ | a | Другие авторы | Мижериков В. А. |
| e | Роль лиц | авт.-сост. | ||
| 700 | 1_ | a | Другие авторы | Пидкасистый Павел Иванович |
| e | Роль лиц | ред. | ||
| 852 | t | Порядковый номер экземпляра | 2 | |
| p | Инвентарный номер | 788646 | ||
| p | Инвентарный номер | 788647 | ||
| 888 | a | За счет средств университета | ||
| 930 | a | Новая/Ретро | словари | |
| a | Новая/Ретро | справочники | ||
| 952 | p | 338.2004 145.00 1 788646 | ||
| p | 338.2004 145.00 1 788647 | |||
| c | Вид литературы | К рн | ||
| 954 | a | Дата поступления на обработку | 20040913 | |
| 999 | a | Подразделение 2 | Фил2 |